Ο ξένος

Αποθηκεύτηκε σε:
Λεπτομέρειες βιβλιογραφικής εγγραφής
Κύριος συγγραφέας: Camus, Albert, 1913-1960
Άλλοι συγγραφείς: Καρακίτσου-Douge, Νίκη (trlf), Κασαμπαλόγλου-Roblin, Μαρία (trlf)
Μορφή: Βιβλίο
Γλώσσα:Greek
Δημοσίευση: Αθήνα : Καστανιώτης, 1997.
Σειρά:Εικοστός αιώνας
Θέματα:
Ετικέτες: Προσθήκη ετικέτας
Δεν υπάρχουν, Καταχωρήστε ετικέτα πρώτοι!

MARC

LEADER 00000cam a2200000 a 4500
001 1/118083
008 190214s1997####gr ||||||| |||| ||gre||
020 |a 9789600321999 
040 |a GR-MyUa  |b gre  |c GR-MyUa  |e AACR2 
041 1 |a gre 
082 7 |a 843  |2 (23) 
100 1 |a Camus, Albert,  |d 1913-1960. 
245 1 2 |a Ο ξένος /   |c Αλμπέρ Καμύ ; μετάφραση από τα Γαλλικά: Νίκη Καρακίτσου-Ντουζέ, Μαρία Κασαμπαλόγλου-Ρομπλέν.  
260 |a Αθήνα :   |b Καστανιώτης,   |c 1997.  
300 |a 140 σ. ;   |c 21 εκ.  
490 1 |a (Εικοστός αιώνας)  
500 |a Τίτλος πρωτοτύπου : L' Etranger.  
650 0 |a French fiction. 
700 1 |a Καρακίτσου-Douge, Νίκη,  |e trlf 
700 1 |a Κασαμπαλόγλου-Roblin, Μαρία,  |e trlf 
830 0 |a Εικοστός αιώνας 
920 |a Βλασοπούλου  |b Ασπασία  |y Λέσβος  |z 2019-02 
970 |a Δημάκη  |b Μαρία  |z 14-02-2019